000
00247nam a2200097Ia 4500
005
20251222114411.0
008
251222s1900||||xx |||||||||||||| ||spa||
082
_a
DVD0192/A81N/2009/T.4
245
0
_a
Seminario: aprendizaje universitario:
942
_c
DVD
999
_c
2050
_d
2050